000 01673cam a2200397 i 4500
999 _c9385
_d9385
001 19219974
003 GBCCL
005 20241126110711.0
008 160808s2011 ilub b 001 0 eng
010 _a 2016036460
020 _a9780281084623
020 _a9780281084630
040 _aDLC
_beng
_cDLC
_erda
_dDLC
042 _apcc
050 0 0 _aBS2556
_b.W46 2011
082 0 0 _a225.61
_a226.06
_223
_bEXP
100 1 _aWenham, David,
_eauthor.
_92754
245 1 0 _aExploring the New Testament :
_ba guide to the Gospels & Acts /
_cDavid Wenham & Steve Walton.
246 3 _aGuide to the Gospels and Acts
250 _aThird edition.
260 _aLondon :
_bSPCK,
_c2021
300 _axviii, 364 pages :
_bmaps ;
_c26 cm.
336 _atext
_btxt
_2rdacontent
337 _aunmediated
_bn
_2rdamedia
338 _avolume
_bnc
_2rdacarrier
490 0 _aExploring the Bible. Exploring the New Testament ;
_vvolume 1
504 _aIncludes bibliographical references and index.
630 0 0 _aBible.
_pGospels
_vTextbooks.
_98882
630 0 0 _aBible.
_pActs
_vTextbooks.
_916351
700 1 _aWalton, Steve,
_d1955-
_eauthor.
_916352
775 0 8 _iRevision of:
_tExploring the New Testament
_dDowners Grove, Ill. : InterVarsity Press, c2001-c2002
_gVol. 1
_w(DLC) 2001024403
776 0 8 _iOnline version:
_aWenham, David, author.
_tExploring the New Testament
_bSecond editon.
_dDowners Grove, IL : InterVarsity Press, [2016]
_z9780830869398
_w(DLC) 2016037713
906 _a7
_bcbc
_corignew
_d1
_eecip
_f20
_gy-gencatlg
942 _2ddc
_cBK
_03